00948nam a22002897a 4500999001700000003000400017005001700021008004100038020001800079040003200097092002300129100002300152245005700175260005800232300001100290440005400301650002200355650002000377700001900397700002000416700002300436700002100459700001900480700002300499942001400522952012200536 c34803d34803OSt20220325165511.0220325b ||||| |||| 00| 0 spa d a950-25-2090-4 cBiblioteca Ernesto Sábato a306.72bC257eBDGR aChirico, Magdalena aLos relatos de vidab: el retorno de lo biográfico aBuenos AiresbCentro Editor de América Latinac1992 a149 p. aLos fundamentos de las ciencias del hombren ; 66 aHISTORIAS DE VIDA aRELATOS DE VIDA aMirta Barbieri aClaudia Briones aMónica Lacarrieu aIsabel Laumonier aJuliana Lozada aEleanora Smolensky 2ddccBDGR 00102ddc4070aAR-FADEUbAR-FADEUd2022-03-25i25515l0o306.072 C257p25515r2022-03-25 00:00:00w2022-03-25yBDGR